000 00628nam a22002177a 4500
003 UA-OsUOA
001 82679
007 ta
008 20120315b un ||||| |||| 00| 0 ukr d
090 _a811.161.1
_bИ88
942 _cBK
040 _aUA-OsUOA
_brus
_cUA-OsUOA
_dUA-OsUOA
245 _aИсследования по общей теории грамматики
300 _a292 с.
955 _a1
041 _arus
080 _a811.161.1
260 _aМ.
_bНаука
_c1968
650 7 _a8 Мовознавство. Художня література. Літературознавство
_2UDC
999 _c368990
_d368990